[Event "Westerndorf St.Peter/Rosenheim"]
[Site "Westerndorf St.Peter/Rosenheim"]
[Date "2015.08.23"]
[Round "2.9"]
[White "Wisnet, Dominic"]
[Black "Kolb, Wolfgang"]
[Result "1-0"]
[WhiteElo "2249"]
[BlackElo "2067"]
[PlyCount "115"]
[EventDate "2015.??.??"]
[WhiteTeam "SV Röhrnbach"]
[BlackTeam "SK Königsbrunn"]

1. Nf3 d5 2. c4 c6 3. g3 Nf6 4. Bg2 Bf5 5. Qb3 Qc8 6. Nc3 e6 7. d3 Bd6 8. O-O
Nbd7 9. Re1 dxc4 10. Qxc4 e5 11. d4 Nb6 12. Qb3 exd4 13. Nxd4 Bh3 14. e4 O-O
15. Bg5 Be5 16. Nf3 Bxg2 17. Kxg2 Nfd7 18. a4 Nc5 19. Qc2 Bxc3 20. Qxc3 Ne6 21.
Be3 Qc7 22. Nh4 Nd7 23. Rad1 Nf6 24. f3 Rfd8 25. Nf5 b6 26. Qxc6 Qxc6 27. Ne7+
Kf8 28. Nxc6 Rdc8 29. Rc1 Rc7 30. b4 Rd7 31. Red1 Ke8 32. Kf2 Rxd1 33. Rxd1 Nd7
34. f4 Rc8 35. Nxa7 Rc4 36. f5 Nd8 37. Nb5 Ke7 38. Rd4 Rc2+ 39. Rd2 Rc4 40. e5
Nc6 41. e6 fxe6 42. fxe6 Kxe6 43. Nc7+ Ke7 44. Bg5+ Nf6 45. Bxf6+ Kxf6 46. Nd5+
Ke5 47. b5 Nd4 48. Nxb6 Rb4 49. Ra2 Kd6 50. Ke3 Ne6 51. Kd3 Kc5 52. Kc3 Rb1 53.
Re2 Nc7 54. Nd7+ Kd6 55. Rd2+ Nd5+ 56. Kc2 Ra1 57. Kb2 Rxa4 58. Rxd5+ 1-0

[Event "Westerndorf St.Peter/Rosenheim"]
[Site "Westerndorf St.Peter/Rosenheim"]
[Date "2015.08.23"]
[Round "2.10"]
[White "Lederle, Vitus"]
[Black "Nagy, Laszlo"]
[Result "0-1"]
[WhiteElo "2215"]
[BlackElo "1950"]
[PlyCount "88"]
[EventDate "2015.??.??"]
[WhiteTeam "SC Dillingen"]
[BlackTeam "SG Vogtareuth-Prutting"]

1. e4 c5 2. Nf3 d6 3. d4 cxd4 4. Nxd4 Nf6 5. Nc3 a6 6. Bg5 Nc6 7. Qd2 Bd7 8.
Bxf6 gxf6 9. O-O-O e6 10. Kb1 b5 11. f4 Qb6 12. Nb3 h5 13. Bd3 Na5 14. Nxa5
Qxa5 15. f5 b4 16. Ne2 Bh6 17. Qe1 Qc5 18. Rf1 e5 19. Rf3 Ke7 20. Ng3 Bg5 21.
Nf1 h4 22. Ne3 Bxe3 23. Rxe3 a5 24. Qe2 Rhc8 25. b3 a4 26. Bc4 axb3 27. axb3
Ra5 28. Red3 Rca8 29. Kc1 Ra1+ 30. Kd2 Rxd1+ 31. Qxd1 Ra2 32. Qe2 Qg1 33. Rf3
Bc6 34. Bd5 Bxd5 35. exd5 Ra1 36. Rf2 Qxh2 37. Qc4 Qg1 38. Qe2 Qh1 39. Kd3 Rd1+
40. Kc4 Rd4+ 41. Kb5 Qa1 42. Qf3 Qa8 43. c4 bxc3 44. Qxc3 Qb7+ 0-1

[Event "Westerndorf St.Peter/Rosenheim"]
[Site "Westerndorf St.Peter/Rosenheim"]
[Date "2015.08.23"]
[Round "2.11"]
[White "Straub, Jürgen"]
[Black "Schewzow, Juri"]
[Result "1-0"]
[WhiteElo "2202"]
[BlackElo "1758"]
[PlyCount "39"]
[EventDate "2015.??.??"]
[WhiteTeam "TSV Ingolstadt Nord"]
[BlackTeam "SG Vogtareuth-Prutting"]

1. e4 c5 2. Nf3 Nc6 3. d4 cxd4 4. Nxd4 Nf6 5. Nc3 d6 6. Bc4 e6 7. O-O Be7 8.
Be3 a6 9. Bb3 O-O 10. f4 Nxd4 11. Bxd4 b5 12. a3 Bb7 13. Qd3 Qc7 14. f5 exf5
15. Rxf5 Bc8 16. Bxf6 Bxf5 17. Nd5 Qa7+ 18. Bd4 Qb7 19. exf5 Kh8 20. f6 1-0

[Event "Westerndorf St.Peter/Rosenheim"]
[Site "Westerndorf St.Peter/Rosenheim"]
[Date "2015.08.23"]
[Round "2.12"]
[White "Häußler, Phillip"]
[Black "Schatz, Christian"]
[Result "0-1"]
[WhiteElo "2105"]
[BlackElo "2168"]
[PlyCount "144"]
[EventDate "2015.??.??"]
[WhiteTeam "SK Bad Aibling"]
[BlackTeam "TSV 1869 Rottendorf"]

1. d4 d5 2. c4 c6 3. e3 Nf6 4. Nf3 Bg4 5. Qb3 Qb6 6. Nc3 Bxf3 7. gxf3 e6 8. Qc2
Nbd7 9. Bd2 g6 10. cxd5 exd5 11. O-O-O Bg7 12. Kb1 O-O 13. h4 Rad8 14. Na4 Qc7
15. e4 dxe4 16. fxe4 Nb6 17. Nxb6 Qxb6 18. Bc3 Rfe8 19. f3 Nh5 20. Bc4 Bxd4 21.
Rxd4 Rxd4 22. Bxd4 Qxd4 23. Qb3 Re7 24. Rd1 Qf6 25. Qe3 Kg7 26. Rf1 Ng3 27. Rg1
Nf5 28. Qxa7 Nd4 29. Rd1 Nxf3 30. Qe3 Ne5 31. h5 Qh4 32. hxg6 hxg6 33. Bb3 Ng4
34. Qf4 Qh5 35. Rf1 Ne5 36. Qf6+ Kf8 37. Rd1 Nd7 38. Qf4 Qe5 39. Qh6+ Qg7 40.
Qf4 Qe5 41. Qh6+ Ke8 42. Bc2 Kd8 43. Qd2 Kc7 44. a4 Kb8 45. Qb4 Qc5 46. Qd2 Nb6
47. Qf4+ Qe5 48. Rd8+ Kc7 49. Qxe5+ Rxe5 50. Rf8 Re7 51. Bb3 Nd7 52. Rxf7 Rxf7
53. Bxf7 g5 54. Kc2 Kd6 55. b4 Ke5 56. Kd3 Kf4 57. Be6 Nf6 58. Bc8 g4 59. Bxg4
Nxg4 60. Kd4 Nf2 61. e5 Kf5 62. b5 cxb5 63. axb5 Ke6 64. Kc5 Kd7 65. e6+ Kc7
66. e7 Ne4+ 67. Kd5 Nf6+ 68. Ke6 Ne8 69. Kf7 Nd6+ 70. Ke6 b6 71. Ke5 Kd7 72.
Kd5 Ne8 0-1

[Event "Westerndorf St.Peter/Rosenheim"]
[Site "Westerndorf St.Peter/Rosenheim"]
[Date "2015.08.23"]
[Round "2.13"]
[White "Graf, Christian"]
[Black "Prediger, Rupert"]
[Result "1/2-1/2"]
[WhiteElo "2133"]
[BlackElo "2279"]
[PlyCount "107"]
[EventDate "2015.??.??"]
[WhiteTeam "SU Ebersberg-Grafing"]
[BlackTeam "SG Pang-Rosenheim 1910"]

1. e4 c5 2. Nf3 d6 3. Bb5+ Bd7 4. Bxd7+ Nxd7 5. O-O Ngf6 6. Qe2 Rc8 7. c3 e6 8.
d4 cxd4 9. cxd4 Nb6 10. Bg5 Be7 11. Nc3 O-O 12. Qb5 h6 13. Bxf6 Bxf6 14. a4 a6
15. Qb3 Qc7 16. Rac1 Nc4 17. h3 Qa5 18. Rc2 Rc7 19. Rfc1 Rfc8 20. Na2 b5 21.
axb5 axb5 22. Nc3 Nb6 23. Ne2 Rxc2 24. Rxc2 Rxc2 25. Qxc2 b4 26. g3 Qb5 27. b3
g5 28. Kg2 Kg7 29. Nc1 h5 30. g4 hxg4 31. hxg4 Qd7 32. Kg3 Qb7 33. Qe2 Nc8 34.
Qe3 Na7 35. Nxg5 Nb5 36. Nf3 Nc3 37. e5 dxe5 38. dxe5 Be7 39. Nd3 Qd5 40. Nf4
Qxb3 41. Nh5+ Kf8 42. Nf6 Bxf6 43. exf6 Qd5 44. g5 Ne4+ 45. Kg2 Kg8 46. Qf4 e5
47. Qxe5 Qxe5 48. Nxe5 Nxg5 49. Kf1 Ne4 50. Ke2 Nxf6 51. Kd3 Nd5 52. Kc4 Nf4
53. Nxf7 Kxf7 54. Kxb4 1/2-1/2

[Event "Westerndorf St.Peter/Rosenheim"]
[Site "Westerndorf St.Peter/Rosenheim"]
[Date "2015.08.23"]
[Round "2.14"]
[White "Bilchinski, Anton"]
[Black "Hinterreiter, Markus"]
[Result "1-0"]
[WhiteElo "2276"]
[BlackElo "2035"]
[PlyCount "75"]
[EventDate "2015.??.??"]
[WhiteTeam "SK Krumbach"]
[BlackTeam "TSV Trostberg"]

1. d4 d5 2. c4 c6 3. Nc3 Nf6 4. e3 a6 5. Nf3 b5 6. b3 Bg4 7. Be2 e6 8. h3 Bb4
9. Bd2 Bh5 10. O-O Bd6 11. Ne5 Bxe2 12. Qxe2 O-O 13. f4 bxc4 14. bxc4 c5 15.
dxc5 Bxc5 16. Na4 Bd6 17. Bc3 Ne4 18. Bd4 f6 19. Nd3 Ng3 20. Qg4 Qe8 21. Qxg3
Qxa4 22. cxd5 Qc4 23. Rfd1 Qxd5 24. Nf2 Qf5 25. Bxf6 Qxf6 26. Ne4 Qb2 27. Nxd6
Ra7 28. Nc4 Qb5 29. Ne5 Nc6 30. a4 Qb7 31. Rd7 Qxd7 32. Nxd7 Rxd7 33. Qf3 Ne7
34. Qe4 Rd6 35. Rb1 Rfd8 36. Rb7 Nf5 37. Qe5 h5 38. e4 1-0

[Event "Westerndorf St.Peter/Rosenheim"]
[Site "Westerndorf St.Peter/Rosenheim"]
[Date "2015.08.23"]
[Round "2.15"]
[White "Golder, Waldemar"]
[Black "Lorenz, Mark"]
[Result "1/2-1/2"]
[WhiteElo "2009"]
[BlackElo "2222"]
[PlyCount "184"]
[EventDate "2015.??.??"]
[WhiteTeam "FC Ergolding 1932"]
[BlackTeam "1. FC Marktleuthen"]

1. d4 Nf6 2. c4 e6 3. Nc3 Bb4 4. Qc2 c5 5. dxc5 Bxc5 6. Bf4 Nc6 7. Nf3 d5 8. e3
Qa5 9. Be2 Ne4 10. O-O Nxc3 11. bxc3 dxc4 12. Bxc4 b5 13. Qe4 Bd7 14. Ne5 bxc4
15. Nxd7 Rc8 16. Nxc5 Qxc5 17. Rfd1 e5 18. Rd5 Qe7 19. Bg3 O-O 20. Rad1 Qa3 21.
Qc2 f6 22. f4 exf4 23. exf4 Rfe8 24. Bf2 Rcd8 25. Qd2 Qe7 26. Re1 Qf7 27. Rxe8+
Rxe8 28. Bc5 Qg6 29. h3 h5 30. f5 Qg3 31. Bf2 Qb8 32. Rd7 Qb1+ 33. Kh2 Qxf5 34.
Bxa7 Nxa7 35. Rxa7 Qe5+ 36. Kh1 h4 37. Kg1 Qc5+ 38. Qd4 Qxd4+ 39. cxd4 Rd8 40.
Rc7 Rxd4 41. a4 c3 42. Rxc3 Rxa4 43. Kf2 Rf4+ 44. Ke2 Kf7 45. Ke3 Rf5 46. Rc7+
Kg6 47. Rc4 Kh5 48. Rb4 g5 49. Rc4 Kg6 50. Rb4 Rf1 51. Rb6 Re1+ 52. Kf3 Re5 53.
Ra6 Kf5 54. Ra4 Rd5 55. Ra3 Ke5 56. Re3+ Kd6 57. Re8 Re5 58. Rd8+ Ke6 59. Rb8
Rc5 60. Rb6+ Ke5 61. Rb3 f5 62. Re3+ Kf6 63. Rb3 Rd5 64. Ra3 Rd1 65. Ra6+ Ke5
66. Ra5+ Rd5 67. Ra3 Ke6 68. Ra6+ Rd6 69. Ra3 Kf6 70. Rb3 Kg6 71. Rc3 Kh5 72.
Rc5 Rd3+ 73. Kf2 Kg6 74. Rc6+ Kf7 75. Rb6 Rg3 76. Ra6 Kg7 77. Rb6 f4 78. Rb7+
Kg6 79. Rb6+ Kh5 80. Rf6 Rc3 81. Rf8 Rc2+ 82. Kf3 Rc3+ 83. Kf2 Kg6 84. Rg8+ Kf6
85. Rf8+ Kg7 86. Rf5 Kg6 87. Rf8 Rc5 88. Kf3 Re5 89. Kf2 Re6 90. Rg8+ Kf5 91.
Rf8+ Rf6 92. Rb8 Re6 1/2-1/2

[Event "Westerndorf St.Peter/Rosenheim"]
[Site "Westerndorf St.Peter/Rosenheim"]
[Date "2015.08.23"]
[Round "2.16"]
[White "Schlichtmann, Robin"]
[Black "Kretschel, Klaus"]
[Result "1-0"]
[WhiteElo "2162"]
[BlackElo "2029"]
[PlyCount "108"]
[EventDate "2015.??.??"]
[WhiteTeam "SK Bruckmühl"]
[BlackTeam "TuS Fürstenfeldbruck"]

1. e4 e5 2. Nf3 Nc6 3. Bb5 Nf6 4. O-O Nxe4 5. d4 Nd6 6. Bxc6 dxc6 7. dxe5 Nf5
8. Qxd8+ Kxd8 9. h3 h5 10. Nc3 Be7 11. Bf4 Ke8 12. Rad1 a5 13. a4 Be6 14. Ng5
Bxg5 15. Bxg5 Ne7 16. Ne2 c5 17. Nc3 Rc8 18. Rd2 Rf8 19. Rfd1 f6 20. exf6 gxf6
21. Bh6 Rg8 22. Re1 Kf7 23. Rde2 Nf5 24. Rxe6 Nxh6 25. Nd5 Rg6 26. Ne7 Re8 27.
Nxg6 Rxe6 28. Nh8+ Ke7 29. Ng6+ Kd6 30. Rxe6+ Kxe6 31. Nf4+ Ke5 32. Nxh5 c4 33.
Kf1 Nf5 34. Ke2 b5 35. axb5 Nd4+ 36. Kd2 Nxb5 37. c3 a4 38. f4+ Ke6 39. Ng7+
Kd5 40. g4 Nd6 41. h4 Ke4 42. Ne6 c6 43. h5 Nf7 44. g5 Kf5 45. g6 Nh6 46. Nd8
Ng8 47. Nf7 c5 48. Ke3 Ne7 49. Nh6+ Ke6 50. g7 f5 51. g8=Q+ Nxg8 52. Nxg8 Kf7
53. Nh6+ Kf6 54. Nxf5 Kxf5 1-0

[Event "Westerndorf St.Peter/Rosenheim"]
[Site "Westerndorf St.Peter/Rosenheim"]
[Date "2015.08.23"]
[Round "2.17"]
[White "Körber, Aljoscha"]
[Black "Basener, Winfried"]
[Result "1-0"]
[WhiteElo "1940"]
[BlackElo "2148"]
[PlyCount "35"]
[EventDate "2015.??.??"]
[WhiteTeam "SC Garching 1980"]
[BlackTeam "SC Neuhausen 1908"]

1. e4 e6 2. d4 d5 3. Nc3 Bb4 4. exd5 exd5 5. Bd3 Ne7 6. Qh5 c6 7. Bg5 Qa5 8.
Nge2 Nd7 9. O-O Nf8 10. f4 Ne6 11. f5 Nxg5 12. Qxg5 O-O 13. f6 Ng6 14. fxg7
Kxg7 15. Nf4 Be7 16. Nh5+ Kh8 17. Qh6 Rg8 18. Rxf7 1-0

[Event "Westerndorf St.Peter/Rosenheim"]
[Site "Westerndorf St.Peter/Rosenheim"]
[Date "2015.08.23"]
[Round "3.1"]
[White "Heimrath, Reiner"]
[Black "Knoblauch, Leonhard"]
[Result "0-1"]
[WhiteElo "2213"]
[BlackElo "2136"]
[PlyCount "92"]
[EventDate "2015.??.??"]
[WhiteTeam "SC Noris-Tarrasch Nürnberg 1873"]
[BlackTeam "SV Ilmmünster"]

1. e4 c6 2. d3 d5 3. Nd2 e5 4. Ngf3 Bd6 5. b3 Nf6 6. Bb2 Qc7 7. Be2 O-O 8. O-O
a5 9. a3 Nbd7 10. Re1 Rd8 11. exd5 cxd5 12. Bf1 b6 13. c4 d4 14. Be2 Bb7 15.
Nf1 Nc5 16. Ng3 Ne6 17. Bf1 g6 18. Nd2 Bf8 19. Nf3 Nd7 20. Bc1 Bg7 21. Ng5 Nxg5
22. Bxg5 f6 23. Bd2 f5 24. b4 Re8 25. Qb3 a4 26. Qa2 Kh8 27. Rac1 h5 28. h4 e4
29. c5 e3 30. Qf7 Qf4 31. Re2 Ne5 32. Qxb7 Qxh4 33. Nxf5 gxf5 34. g3 exd2 35.
Rxd2 Qg5 36. Rdc2 Rab8 37. Qg2 f4 38. cxb6 Rxb6 39. Rc8 Rb8 40. Rxb8 Rxb8 41.
Rc5 h4 42. gxf4 Qxf4 43. Be2 Rg8 44. Kf1 Bf8 45. Qd5 Bxc5 46. Qxc5 h3 0-1

[Event "Westerndorf St.Peter/Rosenheim"]
[Site "Westerndorf St.Peter/Rosenheim"]
[Date "2015.08.23"]
[Round "3.2"]
[White "Großhans, Ralf-Michael"]
[Black "Baldauf, Marco"]
[Result "0-1"]
[WhiteElo "2135"]
[BlackElo "2413"]
[PlyCount "110"]
[EventDate "2015.??.??"]
[WhiteTeam "SK Weidhausen 1989"]
[BlackTeam "SG Pang-Rosenheim 1910"]

1. e4 e6 2. d4 d5 3. e5 c5 4. c3 Nc6 5. Nf3 Bd7 6. a3 f6 7. Bd3 Qc7 8. O-O
O-O-O 9. Re1 c4 10. Bf1 Nh6 11. Bxh6 gxh6 12. b3 cxb3 13. Qxb3 fxe5 14. Nxe5
Nxe5 15. Rxe5 Kb8 16. Nd2 Bd6 17. Re2 Bxh2+ 18. Kh1 Bf4 19. Nf3 Rc8 20. Rb2 Ka8
21. c4 dxc4 22. Bxc4 Ba4 23. Qb4 Bc6 24. Bxe6 Bxf3 25. gxf3 Rcd8 26. Rab1 Rd6
27. d5 Rb6 28. Qe1 Rxb2 29. Rxb2 Qe7 30. Qb4 Bd6 31. Qg4 Bxa3 32. Rb3 Bd6 33.
Bc8 b6 34. Bd7 Kb8 35. Qd4 Qe1+ 36. Kg2 Rg8+ 37. Bg4 Qa5 38. Kh3 Qc5 39. Qd2
Bc7 40. Qxh6 Qxd5 41. Re3 Qd6 42. Qxd6 Bxd6 43. Re6 Kc7 44. Rh6 Rg7 45. Bf5 Bc5
46. Rxh7 Rxh7+ 47. Bxh7 Bxf2 48. Kg4 Kd6 49. Kf5 Kd5 50. f4 Be3 51. Kg4 Kd4 52.
f5 b5 53. f6 a5 54. Kf3 Bh6 55. Ke2 Kc3 0-1

[Event "Westerndorf St.Peter/Rosenheim"]
[Site "Westerndorf St.Peter/Rosenheim"]
[Date "2015.08.23"]
[Round "3.3"]
[White "Manakov, Ilya"]
[Black "Straub, Jürgen"]
[Result "1-0"]
[WhiteElo "2340"]
[BlackElo "2202"]
[PlyCount "113"]
[EventDate "2015.??.??"]
[WhiteTeam "TV Tegernsee"]
[BlackTeam "TSV Ingolstadt Nord"]

1. e4 c5 2. Nc3 d6 3. Nf3 e5 4. Bc4 Be6 5. d3 Be7 6. O-O Nc6 7. Ne2 Nf6 8. Ng3
h6 9. c3 Bxc4 10. dxc4 g6 11. Qe2 Qd7 12. Rd1 Kf8 13. Be3 Qe6 14. Nd2 Kg7 15.
Ndf1 h5 16. Bg5 h4 17. Bxf6+ Bxf6 18. Nh1 Bg5 19. f3 Rad8 20. Nf2 f5 21. b3 Ne7
22. Rd3 Nc8 23. Rad1 f4 24. h3 Be7 25. Nh2 Nb6 26. R3d2 Rc8 27. Nhg4 Rhd8 28.
Nd3 Rf8 29. Ne1 Rfd8 30. Nc2 Rc7 31. Rd3 Kh7 32. R1d2 Kg7 33. Qd1 Kh7 34. Na3
a6 35. Qe2 Kg7 36. Nf2 Kf7 37. Nd1 Rb8 38. Nf2 Rd8 39. Rb2 Nc8 40. Qd1 Rdd7 41.
Ng4 Rd8 42. b4 Rh8 43. bxc5 dxc5 44. Rd5 Rh5 45. Qb1 b6 46. Nc2 Rd7 47. Ne1 Bd8
48. Qd3 Rxd5 49. cxd5 Qd7 50. Qxa6 Nd6 51. Nd3 Qe7 52. c4 Ne8 53. a4 Bc7 54. a5
bxa5 55. Rb7 Kf8 56. Qxg6 Rg5 57. Qh6+ 1-0

[Event "Westerndorf St.Peter/Rosenheim"]
[Site "Westerndorf St.Peter/Rosenheim"]
[Date "2015.08.23"]
[Round "3.4"]
[White "Schatz, Christian"]
[Black "Schmid, Roland"]
[Result "1/2-1/2"]
[WhiteElo "2168"]
[BlackElo "2326"]
[PlyCount "91"]
[EventDate "2015.??.??"]
[WhiteTeam "TSV 1869 Rottendorf"]
[BlackTeam "SG Post/Süd Regensburg"]

1. Nf3 d5 2. c4 c6 3. e3 Nf6 4. d4 Bf5 5. cxd5 cxd5 6. Nc3 e6 7. Qb3 Qc7 8. Bd2
Nc6 9. Rc1 Be7 10. Be2 O-O 11. O-O Rfc8 12. a3 Na5 13. Qa2 Nc4 14. Bxc4 dxc4
15. Ne5 a6 16. e4 Nxe4 17. Nxe4 Bxe4 18. Rxc4 Qd8 19. Rfc1 Bd5 20. Rxc8 Rxc8
21. Qb1 f6 22. Ng4 Bc6 23. Qd3 Qd5 24. Ne3 Qd7 25. Ba5 f5 26. Qc4 b5 27. Qb3 f4
28. Ng4 Bd5 29. Qd1 Bb7 30. Rc3 Rxc3 31. Bxc3 Qd5 32. f3 h5 33. Ne5 Bf6 34. Qc2
Bxe5 35. dxe5 Kf7 36. h4 g6 37. Kh2 Qd8 38. Be1 Kg7 39. Qc5 Qd7 40. Bb4 Qd8 41.
Kh3 Kh6 42. Qa7 Qd7 43. Qb8 Bc8 44. Qb6 g5 45. Bf8+ Kg6 46. Bd6 1/2-1/2

[Event "Westerndorf St.Peter/Rosenheim"]
[Site "Westerndorf St.Peter/Rosenheim"]
[Date "2015.08.23"]
[Round "3.6"]
[White "Nagy, Laszlo"]
[Black "Schelle, Artur"]
[Result "0-1"]
[WhiteElo "1950"]
[BlackElo "2204"]
[PlyCount "106"]
[EventDate "2015.??.??"]
[WhiteTeam "SG Vogtareuth-Prutting"]
[BlackTeam "SC Tarrasch 45 München"]

1. d4 g6 2. Nf3 Bg7 3. g3 d6 4. Bg2 Nf6 5. O-O O-O 6. c4 c6 7. Nc3 Qa5 8. Re1
e5 9. d5 cxd5 10. cxd5 Bf5 11. Nd2 Rc8 12. e4 Bd7 13. h3 b5 14. Nb3 Qd8 15. a3
a5 16. Bf1 a4 17. Nd2 Qa5 18. Na2 Na6 19. Kh2 Ra7 20. Bd3 Nc5 21. Bc2 Rac7 22.
Nb4 Na6 23. Nxa6 Qxa6 24. Bd3 Bh6 25. Qe2 Qb6 26. Rb1 Kg7 27. b3 axb3 28. Nxb3
Bxc1 29. Rexc1 Rc3 30. Rxc3 Rxc3 31. Kg2 Qa7 32. Qd2 Rc8 33. Qb4 Qa4 34. Nd2
Ra8 35. Rb3 Qxb4 36. axb4 Ra2 37. Nb1 h5 38. Nc3 Rd2 39. Bxb5 Bxb5 40. Nxb5
Nxe4 41. Nc7 Rxf2+ 42. Kg1 Rc2 43. Na6 Nd2 44. Ra3 Rb2 45. g4 hxg4 46. hxg4 Kf6
47. Rc3 Kg5 48. Rc6 Kf4 49. Kf2 Ne4+ 50. Ke1 Ke3 51. Kf1 f5 52. Nc5 dxc5 53.
bxc5 f4 0-1

[Event "Westerndorf St.Peter/Rosenheim"]
[Site "Westerndorf St.Peter/Rosenheim"]
[Date "2015.08.23"]
[Round "3.7"]
[White "Hofstetter, Hans-Joachim"]
[Black "Bilchinski, Anton"]
[Result "1-0"]
[WhiteElo "2180"]
[BlackElo "2276"]
[PlyCount "149"]
[EventDate "2015.??.??"]
[WhiteTeam "SK 1933 Bad Neustadt"]
[BlackTeam "SK Krumbach"]

1. e4 g6 2. Nc3 Bg7 3. d4 d6 4. g3 Nc6 5. Be3 Nf6 6. h3 O-O 7. Nge2 e5 8. Bg2
Re8 9. O-O exd4 10. Nxd4 Bd7 11. Kh2 a6 12. a4 Rb8 13. Re1 Ne5 14. b3 c5 15.
Nde2 Bc6 16. Qd2 Qc7 17. Rad1 Rbd8 18. Nf4 b5 19. axb5 axb5 20. Ncd5 Nxd5 21.
Nxd5 Bxd5 22. Qxd5 Nc6 23. Bg5 Ne7 24. Qd3 b4 25. Qc4 h6 26. Bf4 Nc6 27. Qxc5
dxc5 28. Bxc7 Rc8 29. Bf4 Nd4 30. Rd2 Ne6 31. Red1 Nxf4 32. gxf4 Bd4 33. Kg3
Rcd8 34. Kf3 Kg7 35. Bf1 Re7 36. Bc4 Ra7 37. e5 f6 38. e6 f5 39. Bb5 Kf6 40.
Bd7 Rc7 41. Re2 Ke7 42. Rg1 Rg8 43. Rd2 Kf6 44. h4 Ke7 45. Bb5 Kf6 46. Re2 Ke7
47. Bd3 Kf6 48. Bc4 Re7 49. Rd2 Rd8 50. Rgd1 Ree8 51. Ke2 Rd6 52. Rd3 Rdd8 53.
Rg1 Ra8 54. Rdg3 Rg8 55. Bb5 Ra1 56. R1g2 Bc3 57. Re3 Rg7 58. Bd7 Bd4 59. Rh3
Bc3 60. Kd3 Rd1+ 61. Kc4 Bd4 62. Rd3 Rc1 63. Rdg3 Rh1 64. Kd5 Rxh4 65. Rxg6+
Rxg6 66. Rxg6+ Ke7 67. Rg8 Rxf4 68. Re8+ Kf6 69. Rf8+ Ke7 70. Rf7+ Kd8 71. Kd6
Be5+ 72. Kxe5 Re4+ 73. Kd6 Rd4+ 74. Kc6 Rd2 75. Rxf5 1-0

[Event "Westerndorf St.Peter/Rosenheim"]
[Site "Westerndorf St.Peter/Rosenheim"]
[Date "2015.08.23"]
[Round "3.8"]
[White "Knechtel, Roland"]
[Black "Schlichtmann, Robin"]
[Result "1-0"]
[WhiteElo "2264"]
[BlackElo "2162"]
[PlyCount "73"]
[EventDate "2015.??.??"]
[WhiteTeam "SV Röhrnbach"]
[BlackTeam "SK Bruckmühl"]

1. d4 Nf6 2. Nf3 g6 3. c4 Bg7 4. Nc3 d5 5. Bg5 Ne4 6. cxd5 Nxg5 7. Nxg5 e6 8.
Nf3 exd5 9. e3 c6 10. Be2 Bf5 11. b4 O-O 12. Qb3 a6 13. a4 Nd7 14. O-O b5 15.
a5 Nf6 16. Ne5 Qc8 17. Rac1 Qe6 18. Bd3 Bxd3 19. Nxd3 Ne8 20. Ne2 Qd7 21. Ne5
Bxe5 22. dxe5 f6 23. e6 Qb7 24. Qc3 Rc8 25. Qc5 Ng7 26. Nd4 Rfe8 27. Nxc6 Nxe6
28. Qxd5 Kg7 29. Qd6 Qc7 30. Qd2 Qb7 31. Nd4 Rc4 32. Nxe6+ Rxe6 33. Rxc4 bxc4
34. Qc3 Qb5 35. Rd1 Re7 36. Rd6 Rf7 37. h3 1-0

[Event "Westerndorf St.Peter/Rosenheim"]
[Site "Westerndorf St.Peter/Rosenheim"]
[Date "2015.08.23"]
[Round "3.9"]
[White "Stadler, Alexander"]
[Black "Dehlinger, Alexander"]
[Result "1/2-1/2"]
[WhiteElo "2079"]
[BlackElo "2258"]
[PlyCount "83"]
[EventDate "2015.??.??"]
[WhiteTeam "SV Röhrnbach"]
[BlackTeam "SC Garching 1980"]

1. d4 Nf6 2. c4 e6 3. Nf3 b6 4. g3 Ba6 5. b3 Bb4+ 6. Bd2 Be7 7. Bg2 c6 8. Bc3
d5 9. Ne5 Nfd7 10. Nxd7 Nxd7 11. Nd2 O-O 12. O-O Rc8 13. e4 c5 14. exd5 exd5
15. dxc5 dxc4 16. c6 cxb3 17. Re1 b2 18. Bxb2 Nc5 19. Nc4 Bxc4 20. Qg4 Bg5 21.
Qxc4 Nd3 22. Be5 Nxe1 23. Rxe1 Bf6 24. Bxf6 Qxf6 25. c7 Qd6 26. Rc1 Rfe8 27.
Bb7 Kf8 28. Bxc8 Rxc8 29. Qc2 g6 30. Qc3 Kg8 31. a4 Qc5 32. Qd2 Qe7 33. Qf4 Qd7
34. Qc4 a6 35. Qc6 Qxc6 36. Rxc6 b5 37. a5 b4 38. Rxa6 Rxc7 39. Rb6 Rc1+ 40.
Kg2 Ra1 41. Rxb4 Rxa5 42. Rb2 1/2-1/2

[Event "Westerndorf St.Peter/Rosenheim"]
[Site "Westerndorf St.Peter/Rosenheim"]
[Date "2015.08.23"]
[Round "3.10"]
[White "Liepold, Stefan"]
[Black "Körber, Aljoscha"]
[Result "1-0"]
[WhiteElo "2252"]
[BlackElo "1940"]
[PlyCount "57"]
[EventDate "2015.??.??"]
[WhiteTeam "SC Erlangen 48/88"]
[BlackTeam "SC Garching 1980"]

1. e4 c5 2. Nf3 d6 3. d4 cxd4 4. Nxd4 Nf6 5. Nc3 a6 6. Bc4 e6 7. Bb3 Nbd7 8.
Qe2 Nc5 9. Bg5 Be7 10. f4 O-O 11. O-O-O h6 12. h4 Qc7 13. g4 b5 14. Bxf6 Bxf6
15. g5 Nxb3+ 16. axb3 Bxd4 17. Rxd4 h5 18. Qxh5 Qc5 19. Rhd1 Bb7 20. b4 Qb6 21.
f5 exf5 22. exf5 Rfe8 23. g6 fxg6 24. fxg6 Re6 25. Qh7+ Kf8 26. Qh8+ Ke7 27.
Qxg7+ Kd8 28. Qf7 Bc8 29. g7 1-0

[Event "Westerndorf St.Peter/Rosenheim"]
[Site "Westerndorf St.Peter/Rosenheim"]
[Date "2015.08.23"]
[Round "3.11"]
[White "Herrmann, Michael"]
[Black "Miller, Eduard"]
[Result "0-1"]
[WhiteElo "2095"]
[BlackElo "2207"]
[PlyCount "76"]
[EventDate "2015.??.??"]
[WhiteTeam "SK Freilassing"]
[BlackTeam "SC Erlangen 48/88"]

1. c4 Nf6 2. g3 c5 3. Bg2 Nc6 4. Nc3 d6 5. e4 h5 6. h4 g6 7. Nge2 Bg7 8. d3 a6
9. Bg5 Rb8 10. a4 Bg4 11. f3 Bd7 12. Rb1 Nh7 13. Be3 Nf8 14. d4 cxd4 15. Nxd4
Ne6 16. Nxe6 Bxe6 17. Nd5 O-O 18. Bb6 Qd7 19. O-O Bh3 20. b3 Bxg2 21. Kxg2 Ne5
22. Qd2 e6 23. Nb4 Rfc8 24. Rfd1 Bf8 25. Rbc1 Qe7 26. Nd3 Nxd3 27. Qxd3 Rc6 28.
a5 Rbc8 29. Rd2 d5 30. exd5 exd5 31. c5 Bh6 32. f4 Re6 33. Rcc2 Re3 34. Qxd5
Bxf4 35. gxf4 Qxh4 36. Qg5 Qh3+ 37. Kf2 Rf3+ 38. Ke2 Qf1# 0-1

[Event "Westerndorf St.Peter/Rosenheim"]
[Site "Westerndorf St.Peter/Rosenheim"]
[Date "2015.08.23"]
[Round "3.12"]
[White "Prediger, Rupert"]
[Black "Golder, Waldemar"]
[Result "0-1"]
[WhiteElo "2279"]
[BlackElo "2009"]
[PlyCount "74"]
[EventDate "2015.??.??"]
[WhiteTeam "SG Pang-Rosenheim 1910"]
[BlackTeam "FC Ergolding 1932"]

1. e4 c5 2. Nf3 d6 3. d4 cxd4 4. Nxd4 Nf6 5. Nc3 a6 6. Bc4 e6 7. Bb3 b5 8. O-O
Be7 9. Qe2 O-O 10. f4 b4 11. Nd1 d5 12. e5 Ne4 13. Be3 Bd7 14. Nf2 Nc5 15. Ng4
Nc6 16. Nxc6 Bxc6 17. Nf6+ Kh8 18. Qh5 gxf6 19. Rf3 Rg8 20. Rh3 Rg7 21. exf6
Bxf6 22. Bxc5 Bxb2 23. Re1 Qf6 24. Qh4 Bd4+ 25. Bxd4 Qxd4+ 26. Qf2 Qxf2+ 27.
Kxf2 Rag8 28. g3 a5 29. c3 bxc3 30. Ke3 Rc8 31. Bc2 Bb5 32. Rb1 Bc4 33. a3 f6
34. Rh6 Rf7 35. Kd4 a4 36. Rb6 Bb3 37. Kd3 e5 0-1

[Event "Westerndorf St.Peter/Rosenheim"]
[Site "Westerndorf St.Peter/Rosenheim"]
[Date "2015.08.23"]
[Round "3.13"]
[White "Lorenz, Mark"]
[Black "Häußler, Phillip"]
[Result "0-1"]
[WhiteElo "2222"]
[BlackElo "2105"]
[PlyCount "106"]
[EventDate "2015.??.??"]
[WhiteTeam "1. FC Marktleuthen"]
[BlackTeam "SK Bad Aibling"]

1. d4 e6 2. Nf3 f5 3. c4 Nf6 4. g3 Bb4+ 5. Nbd2 b6 6. Bg2 Bb7 7. O-O O-O 8. Qc2
Qe7 9. a3 Bxd2 10. Bxd2 Be4 11. Qd1 d6 12. b3 Nbd7 13. Bc3 e5 14. Bh3 g6 15. d5
Bxf3 16. exf3 Qf7 17. a4 a5 18. Qd2 Nc5 19. Rab1 e4 20. f4 Rae8 21. Rfe1 Qd7
22. Re3 h6 23. Bd4 Qh7 24. Bf1 Nfd7 25. Rbe1 Qf7 26. Bb2 Kh7 27. Qc3 g5 28.
fxg5 Ne5 29. gxh6 f4 30. gxf4 Qxf4 31. Rg3 Qxf2+ 32. Kh1 Rg8 33. Bg2 Rxg3 34.
hxg3 Rg8 35. Rf1 Qxg3 36. Qxg3 Rxg3 37. Bxe5 dxe5 38. Rf5 Kxh6 39. Rxe5 Rxb3
40. Re7 e3 41. Bf3 Kg5 42. Rxc7 Kf4 43. Bh5 Ne4 44. Rf7+ Ke5 45. Re7+ Kd4 46.
Kg2 Rb2+ 47. Kg1 e2 48. Bxe2 Rxe2 49. Re6 Rb2 50. d6 Nc5 51. Re7 Kxc4 52. Rc7
Kb4 53. Rc6 Kxa4 0-1